Statistiques concernant Les lacs les plus profonds du monde

Cliquez ici pour prendre le quiz!

Statistiques générales

  • Ce quiz a été pris 68 fois
  • Le résultat moyen est 2 sur 15

Statistiques - réponses

HintRéponse% Correct
1 637 mbaïkal
100%
1 025 mcaspienne
34%
706 mmalawi
32%
1 470 mtanganyika
25%
614 mEsclaves
14%
900 mvostok
5%
505 mtoba
4%
668 mYssik koul
2%
586 mbuenos aires
0%
594 mcrater lake
0%
514 mhornindalsvanet
0%
590 mmatano
0%
836 mO'higgins
0%
506 mquesnel
0%
505 msarez
0%

Distribution des résultats

Percentile par nombre de réponses

% des personnes avec chaque résultat

Votre développement - résultats

Vous n’avez pas pris ce quiz